[Event "79th UKR-ch"]
[Site "Alushta UKR"]
[Date "2010.05.10"]
[Round "8"]
[White "Panakhova, Olena"]
[WhiteElo "2023"]
[Black "Maslov, Valentin"]
[BlackElo "2116"]
[Result "1-0"]
[EventDate "2010.05.02"]
[PlyCount "87"]

1. e4 e5 2. f4 exf4 3. Nf3 d5 4. exd5 Qxd5 5. Nc3 Qh5 6. Bc4 Bd6 7. d4 Bg4 8.
O-O g5 9. Qe1+ Kf8 10. Ne5 Nh6 11. Ne4 Bxe5 12. dxe5 Nd7 13. Qb4+ Kg7 14. e6
fxe6 15. Qe7+ Qf7 16. Qxg5+ Qg6 17. Bxf4 Nf7 18. Qxg6+ hxg6 19. Rf2 Nb6 20. Bb3
Nd5 21. Bd2 Rhd8 22. c4 Nb6 23. Bc3+ e5 24. Raf1 Bf5 25. Ng3 Be6 26. c5 Nd5 27.
Bd2 c6 28. Ne4 Rf8 29. Nc3 Rad8 30. h3 Nc7 31. Bc2 Bc4 32. Re1 Ne6 33. Ne4 Bd5
34. Bc3 Nd4 35. Bxd4 exd4 36. Nf6 Ne5 37. Rxe5 Rxf6 38. Re7+ Bf7 39. Bb3 Rf8
40. Rxb7 Rxf2 41. Kxf2 Kf6 42. Rxf7+ Rxf7 43. Bxf7 Kxf7 44. Kf3 1-0

[Event "79th UKR-ch"]
[Site "Alushta UKR"]
[Date "2010.05.11"]
[Round "9"]
[White "Syvuk, Vitalii"]
[WhiteElo "2436"]
[Black "Yakymov, Volodymyr"]
[BlackElo "2476"]
[Result "0-1"]
[EventDate "2010.05.02"]
[PlyCount "60"]

1. e4 e6 2. d4 d5 3. Nc3 Nf6 4. Bd3 c5 5. Nf3 c4 6. Be2 Bb4 7. exd5 exd5 8. O-O
Bxc3 9. bxc3 Qa5 10. a4 O-O 11. Ba3 Re8 12. Bb4 Qc7 13. Ne5 a5 14. Ba3 Nbd7 15.
Ng4 Ne4 16. Bb2 Nb6 17. Bf3 Bxg4 18. Bxg4 Qc6 19. f3 Nf6 20. Qd2 Nxa4 21. Ba3
b5 22. Bh3 Rab8 23. Rab1 h6 24. Rfe1 Rxe1+ 25. Qxe1 Qc7 26. Bc1 Re8 27. Qd2 Qe7
28. Kf2 Qe2+ 29. Kg3 Qe1+ 30. Qxe1 Rxe1 0-1

[Event "79th UKR-ch"]
[Site "Alushta UKR"]
[Date "2010.05.11"]
[Round "9"]
[White "Dolzhykova, Kateryna"]
[WhiteElo "2300"]
[Black "Polivanov, Anatoliy"]
[BlackElo "2381"]
[Result "0-1"]
[EventDate "2010.05.02"]
[PlyCount "102"]

1. e4 e6 2. d4 d5 3. Nc3 Nf6 4. e5 Nfd7 5. f4 c5 6. Nf3 Nc6 7. Be3 a6 8. Qd2 b5
9. Be2 b4 10. Nd1 Qb6 11. c3 Be7 12. O-O O-O 13. Bf2 Rb8 14. Bd3 f5 15. exf6
Nxf6 16. Ne3 Bd7 17. Ne5 Be8 18. f5 bxc3 19. bxc3 cxd4 20. Nxc6 Bxc6 21. cxd4
Bb5 22. fxe6 Ne4 23. Bxe4 dxe4 24. Nd5 Qxe6 25. Nc7 Qg6 26. Nxb5 Rxb5 27. Bg3
Bf6 28. Rac1 Rd8 29. Rc4 h5 30. Bf2 Rbd5 31. Rfc1 Qg4 32. h3 Qd7 33. Rc7 Qb5
34. Qf4 Rf5 35. Qxe4 Rxf2 36. Qe6+ Kh7 37. Kxf2 Bxd4+ 38. Kg3 Qg5+ 39. Kh2 Be5+
40. Kg1 Rd2 41. Qc6 Qe3+ 42. Kh1 Qf4 43. Rxg7+ Kxg7 44. Qb7+ Kh6 45. Qb6+ Bd6
46. Qg1 Rxa2 47. Rf1 Qe5 48. Re1 Re2 49. Ra1 a5 50. Qc1+ Kg7 51. Qg1 a4 0-1

[Event "79th UKR-ch"]
[Site "Alushta UKR"]
[Date "2010.05.11"]
[Round "9"]
[White "Budnikov, Oleg"]
[WhiteElo "2391"]
[Black "Shankovskyi, Andrii"]
[BlackElo "2303"]
[Result "1-0"]
[EventDate "2010.05.02"]
[PlyCount "45"]

1. e4 e5 2. Bc4 Nf6 3. d4 exd4 4. Nf3 Nc6 5. e5 d5 6. Bb5 Ne4 7. Nxd4 Bd7 8.
Bxc6 bxc6 9. O-O Be7 10. f3 Nc5 11. f4 O-O 12. f5 Ne4 13. Nc3 c5 14. Nb3 Nxc3
15. bxc3 Bb5 16. Rf3 f6 17. e6 d4 18. Rh3 Be8 19. Qg4 h5 20. Qf3 g5 21. fxg6
Bxg6 22. Rg3 Kh7 23. Qf4 1-0

[Event "79th UKR-ch"]
[Site "Alushta UKR"]
[Date "2010.05.11"]
[Round "9"]
[White "Borsuk, Kostyantyn"]
[WhiteElo "2319"]
[Black "Kovalenko, Igor"]
[BlackElo "2503"]
[Result "1/2-1/2"]
[EventDate "2010.05.02"]
[PlyCount "95"]

1. d4 Nf6 2. c4 e6 3. Nc3 Bb4 4. Qc2 d5 5. cxd5 exd5 6. Bg5 h6 7. Bh4 c5 8. Nf3
Nc6 9. e3 $11 9... cxd4 10. Nxd4 Nxd4 11. exd4 Qe7+ 12. Be2 Bxc3+ 13. bxc3 Qe4
14. Qxe4+ Nxe4 15. Rc1 Bf5 16. g4 Be6 17. f3 Nd6 18. Bg3 Kd7 19. Kd2 h5 20. g5
Nc4+ 21. Bxc4 dxc4 22. Rhe1 h4 23. Bf4 b6 24. Re4 Rae8 25. Rce1 Bd5 26. Rxe8
Rxe8 27. Rxe8 Kxe8 28. Bb8 Kd7 29. Ke3 a5 30. Be5 g6 31. Bg7 Ke6 32. Bf6 b5 33.
a3 Kd7 34. Bg7 b4 35. cxb4 axb4 36. axb4 Kc6 37. Kd2 Bxf3 38. Kc3 Bd5 39. Be5
Be6 40. Bf4 Kd5 41. b5 Bd7 42. b6 Bc8 43. Be5 Ba6 44. Bf6 Kc6 45. Bd8 Kb5 46.
Bc7 Bb7 47. Bd8 Bd5 48. Bc7 1/2-1/2

[Event "79th UKR-ch"]
[Site "Alushta UKR"]
[Date "2010.05.11"]
[Round "9"]
[White "Izhnin, A."]
[WhiteElo "2360"]
[Black "Reshetkov, Kyrylo"]
[BlackElo "2176"]
[Result "1/2-1/2"]
[EventDate "2010.05.02"]
[PlyCount "52"]

1. e4 Nf6 2. e5 Nd5 3. d4 d6 4. Nf3 Bg4 5. Be2 c6 6. O-O Bxf3 7. Bxf3 dxe5 8.
dxe5 e6 9. Qe2 Nd7 10. c4 Ne7 11. Bf4 Ng6 12. Bg3 Qg5 13. Be4 Ngxe5 14. f4 Qg4
15. Qc2 Nf6 16. Nd2 Bc5+ 17. Kh1 Nh5 18. Be1 Nxf4 19. Bg3 g5 20. Qc3 f6 21. h3
Qh5 22. Bxf4 gxf4 23. Rxf4 O-O-O 24. Rxf6 Bd4 25. Qa5 Bb6 26. Qc3 Bd4 1/2-1/2

[Event "79th UKR-ch"]
[Site "Alushta UKR"]
[Date "2010.05.11"]
[Round "9"]
[White "Troshchenko, Pavlo"]
[WhiteElo "2199"]
[Black "Kurochkin, Valerii"]
[BlackElo "2369"]
[Result "1-0"]
[EventDate "2010.05.02"]
[PlyCount "99"]

1. e4 e6 2. d4 d5 3. Nd2 c5 4. exd5 Qxd5 5. Ngf3 cxd4 6. Bc4 Qd6 7. Qe2 Nf6 8.
Nb3 Nc6 9. Bg5 a6 10. O-O-O b5 11. Bd3 Bd7 12. Kb1 Be7 13. Rhe1 h6 14. Bh4 Nd5
15. Bg3 Qb4 16. Be4 O-O 17. Nfxd4 Bf6 18. c3 Qc4 19. Bd3 Nxd4 20. Qe4 Nf5 21.
Bxc4 bxc4 22. Qxc4 Rfc8 23. Qg4 a5 24. Be5 a4 25. Nd4 Nfe3 26. Rxe3 Nxe3 27.
fxe3 Bxe5 28. Nf3 Bf6 29. Rxd7 a3 30. Rb7 axb2 31. Nd4 Rxc3 32. Qe4 Rd8 33.
Rxb2 e5 34. Rb4 exd4 35. exd4 Rdc8 36. g4 Bg5 37. h4 Bd2 38. Rb7 Rc1+ 39. Kb2
Rf1 40. d5 Bc3+ 41. Kb3 Bf6 42. d6 Rf2 43. Ka3 Rd2 44. d7 Rd8 45. Qe8+ Kh7 46.
h5 Rd3+ 47. Kb4 Rd1 48. Qxf7 Rb1+ 49. Kc4 Rxb7 50. Qg6+ 1-0

[Event "79th UKR-ch"]
[Site "Alushta UKR"]
[Date "2010.05.11"]
[Round "9"]
[White "Borzov, Dmytro"]
[WhiteElo "2173"]
[Black "Bortnyk, Olexandr"]
[BlackElo "2339"]
[Result "1/2-1/2"]
[EventDate "2010.05.02"]
[PlyCount "74"]

1. d4 f5 2. g3 Nf6 3. Bg2 d6 4. Nf3 g6 5. O-O Bg7 6. c4 O-O 7. Nc3 Qe8 8. d5 a5
9. Nd4 Na6 10. Rb1 Bd7 11. b3 c6 12. e4 fxe4 13. Nxe4 Nxe4 14. Bxe4 Nc5 15. Bg2
e5 16. dxe6 Nxe6 17. Bb2 Ng5 18. Re1 Qf7 19. f4 Nh3+ 20. Bxh3 Bxh3 21. Nf3 Bg4
22. Bxg7 Qxg7 23. Re3 Rae8 24. Qe1 Rxe3 25. Qxe3 Bxf3 26. Qxf3 g5 27. Kh1 Kh8
28. Rd1 Qf6 29. Qe4 gxf4 30. Qxf4 Qe7 31. Qd4+ Kg8 32. Qg4+ Kh8 33. Qd4+ Qf6
34. Kg2 Kg8 35. Qg4+ Kh8 36. Qd4 Rf7 37. Qxf6+ Rxf6 1/2-1/2

[Event "79th UKR-ch"]
[Site "Alushta UKR"]
[Date "2010.05.11"]
[Round "9"]
[White "Harnazhenko, Dmytro"]
[WhiteElo "1969"]
[Black "Demidenko, Stanislav"]
[BlackElo "2191"]
[Result "1/2-1/2"]
[EventDate "2010.05.02"]
[PlyCount "54"]

1. e4 c5 2. c3 d5 3. exd5 Qxd5 4. d4 Nc6 5. Nf3 e6 6. a3 Nf6 7. Be3 cxd4 8.
cxd4 Be7 9. Bd3 O-O 10. Nc3 Qd8 11. O-O b6 12. Qe2 Bb7 13. Rfd1 Rc8 14. Rac1
Qc7 15. Ng5 h6 16. Nf3 Rfd8 17. Bb1 Qb8 18. b4 Bf8 19. Qd3 Ne7 20. Ne5 Ned5 21.
Ng4 Be7 22. Nxd5 Bxd5 23. f3 Kf8 24. Nf2 Rxc1 25. Rxc1 25... Rc8 $11 26. Qd2
Bd6 27. Rxc8+ 27... Qxc8 $11 1/2-1/2

[Event "79th UKR-ch"]
[Site "Alushta UKR"]
[Date "2010.05.11"]
[Round "9"]
[White "Dolzhykova, Kateryna"]
[WhiteElo "2300"]
[Black "Strygin, Alexandr"]
[BlackElo "2261"]
[Result "1-0"]
[EventDate "2010.05.02"]
[PlyCount "77"]

1. e4 c5 2. Nf3 e6 3. d4 cxd4 4. Nxd4 a6 5. Be3 Nf6 6. Nd2 Qc7 7. Bd3 Nc6 8. c3
Be7 9. O-O b6 10. Nc4 Ne5 11. Nxe5 Qxe5 12. f4 Qc7 13. e5 Nd5 14. Bd2 Bb7 15.
Qe2 g6 16. Rf3 Bc5 17. Kh1 Ne7 18. Nc2 Nf5 19. b4 Be7 20. Be4 h5 21. Rd1 Rc8
22. Be1 Bxe4 23. Qxe4 Qc6 24. Qe2 O-O 25. Bf2 b5 26. Nd4 Nxd4 27. Rxd4 a5 28.
a3 axb4 29. axb4 Ra8 30. h3 Ra1+ 31. Kh2 Ra3 32. Qd2 Rd8 33. Rfd3 Rda8 34. Rxd7
Ra2 35. Qe3 Bh4 36. g3 Ra1 37. gxh4 Qh1+ 38. Kg3 R8a2 39. Rd2 1-0

[Event "79th UKR-ch"]
[Site "Alushta UKR"]
[Date "2010.05.11"]
[Round "9"]
[White "Barantseva, Oleksandra"]
[WhiteElo "1855"]
[Black "Vdovichenko, Vladislav"]
[BlackElo "2220"]
[Result "0-1"]
[EventDate "2010.05.02"]
[PlyCount "138"]

1. c4 e6 2. Nf3 d5 3. d4 Nf6 4. g3 Bb4+ 5. Bd2 Be7 6. Bg2 O-O 7. O-O c6 8. b3
Ne4 9. Nc3 Nxd2 10. Qxd2 f5 11. Ne5 Nd7 12. Nxd7 Bxd7 13. f3 Qa5 14. a3 dxc4
15. bxc4 c5 16. e3 cxd4 17. exd4 Rad8 18. Qe3 Bf6 19. f4 Bc6 20. Ne2 Bxg2 21.
Kxg2 Qa6 22. Rac1 Rf7 23. Rfd1 Rfd7 24. c5 Qc6+ 25. Kf2 h6 26. Rc4 g5 27. Rb4
g4 28. Qb3 h5 29. Qc2 h4 30. Qc3 Rh7 31. Ke1 hxg3 32. hxg3 Rh2 33. Qe3 Rd7 34.
Kd2 Bd8 35. Kd3 Qa6+ 36. Rc4 Kf7 37. Ra1 b5 38. cxb6 axb6 39. Rac1 Qxa3+ 40.
R1c3 Qa2 41. Rc2 Qb1 42. Rc6 Qb5+ 43. R2c4 Qb3+ 44. Rc3 Qd5 45. R3c4 Qf3 46.
Kd2 Qxe3+ 47. Kxe3 Rh1 48. Rb4 Rf1 49. Kd2 Rf3 50. Rc3 Ra7 51. Rbb3 Ra2+ 52.
Ke1 Ra1+ 53. Kd2 Ra2+ 54. Ke1 Rxc3 55. Nxc3 Ra1+ 56. Ke2 Bf6 57. Kd3 Rf1 58.
Ne2 Rf3+ 59. Kc4 Bd8 60. Nc1 Ke7 61. Na2 Rxb3 62. Kxb3 b5 63. Nb4 Kd6 64. Nc2
Ba5 65. Nb4 Bxb4 66. Kxb4 Kc6 67. Ka5 Kd5 68. Kxb5 Kxd4 69. Kc6 e5 0-1

[Event "79th UKR-ch"]
[Site "Alushta UKR"]
[Date "2010.05.11"]
[Round "9"]
[White "Evdokimov, Alexander"]
[WhiteElo "2191"]
[Black "Avetisyan, Tyhran"]
[BlackElo "1959"]
[Result "1-0"]
[EventDate "2010.05.02"]
[PlyCount "105"]

1. e4 c5 2. Nf3 Nc6 3. c3 e5 4. Bb5 d6 5. d4 Bd7 6. O-O Be7 7. Re1 Nf6 8. d5
Nb8 9. Bd3 O-O 10. h3 b5 11. b3 Na6 12. Qe2 Nc7 13. Nbd2 Nh5 14. Nf1 Nf4 15.
Qc2 f5 16. Bxf4 exf4 17. c4 bxc4 18. bxc4 Na6 19. a3 Bf6 20. Ra2 Qa5 21. N1d2
Ba4 22. Qc1 Rfe8 23. exf5 Bc3 24. Re6 Bd4 25. Ne4 Bd7 26. Nxd6 Reb8 27. Qxf4
Nb4 28. Qd2 Bxe6 29. fxe6 Qb6 30. axb4 Qxd6 31. Nxd4 cxd4 32. Rb2 Rf8 33. Qe2
Rae8 34. Qe4 g6 35. g3 Rf5 36. Qxd4 Re5 37. Qf4 Rf8 38. Qg4 Re1+ 39. Kg2 Qe5
40. Re2 Qa1 41. Rxe1 Qxe1 42. Qe2 Qxb4 43. e7 Re8 44. Qe6+ Kg7 45. d6 a5 46.
Qe5+ Kf7 47. Be4 Rb8 48. Bd5+ Ke8 49. Be6 Qb7+ 50. Kh2 Qb2 51. Qf4 Qg7 52. c5
Rb4 53. Qf3 1-0

[Event "79th UKR-ch"]
[Site "Alushta UKR"]
[Date "2010.05.11"]
[Round "9"]
[White "Lomakin, Viktor"]
[WhiteElo "2087"]
[Black "Belous, Mikhail"]
[BlackElo "1806"]
[Result "1-0"]
[EventDate "2010.05.02"]
[PlyCount "63"]

1. d4 d5 2. c4 e6 3. Nc3 Be7 4. Nf3 Nf6 5. Bg5 O-O 6. e3 b6 7. Bd3 Bb7 8. O-O
Nbd7 9. cxd5 exd5 10. Qc2 h6 11. Bf4 c5 12. h3 a6 13. Rad1 c4 14. Bf5 b5 15. a3
Nb6 16. Ne5 Qe8 17. g4 a5 18. f3 b4 19. axb4 axb4 20. Ne2 Qa4 21. Qd2 Ba6 22.
Ra1 Qb5 23. Rf2 Ne8 24. Bb1 Nd6 25. Qc2 f5 26. Ng6 Bg5 27. Nxf8 Rxf8 28. Bxd6
Rc8 29. Qxf5 c3 30. Qh7+ Kf7 31. Qg6+ Kg8 32. Be5 1-0

[Event "79th UKR-ch"]
[Site "Alushta UKR"]
[Date "2010.05.11"]
[Round "9"]
[White "Makarevych, Volodymyr"]
[WhiteElo "2063"]
[Black "Tiba, Vladyslav"]
[BlackElo "2008"]
[Result "0-1"]
[EventDate "2010.05.02"]
[PlyCount "102"]

1. e4 c5 2. Nf3 d6 3. e5 dxe5 4. Nxe5 Nc6 5. Nxc6 bxc6 6. Nc3 Nf6 7. Be2 Bf5 8.
Bf3 Rc8 9. d3 e6 10. Bg5 Be7 11. Qe2 O-O 12. h4 h6 13. Bd2 c4 14. dxc4 Bxc2 15.
Qe3 Nd7 16. g3 Bc5 17. Qe2 Nf6 18. Ne4 Nxe4 19. Bxe4 Bxe4 20. Qxe4 Bxf2+ 21.
Ke2 f5 22. Qxe6+ Kh8 23. Kxf2 Re8 24. Qxe8+ Qxe8 25. Rhe1 Qf7 26. Rac1 Rd8 27.
Bc3 f4 28. g4 Qd7 29. Rcd1 Qxd1 30. Rxd1 Rxd1 31. Be5 Rc1 32. Kf3 Rxc4 33. Bxf4
Kg8 34. h5 Kf7 35. Be5 a6 36. Bd6 g6 37. Bf4 gxh5 38. gxh5 Rc2 39. Be5 Ke6 40.
Bg7 Kf5 41. Bxh6 Rxb2 42. a4 Rh2 43. Bf8 Rxh5 44. Ke3 Ke5 45. Kd3 Kd5 46. Kc3
c5 47. a5 Rh3+ 48. Kc2 Kc4 49. Bd6 Ra3 50. Bc7 Ra2+ 51. Kb1 Kb3 0-1

[Event "79th UKR-ch"]
[Site "Alushta UKR"]
[Date "2010.05.11"]
[Round "9"]
[White "Dementiev, Oleg"]
[WhiteElo "1961"]
[Black "Stolpovskyi, Serhii"]
[BlackElo "2187"]
[Result "0-1"]
[EventDate "2010.05.02"]
[PlyCount "66"]

1. e4 e5 2. Nf3 Nc6 3. Bb5 a6 4. Bxc6 dxc6 5. Nc3 Bd6 6. d4 Bg4 7. dxe5 Bxf3 8.
Qxf3 Bxe5 9. Bf4 Qf6 10. Bxe5 Qxe5 11. O-O-O Nf6 12. Qe3 Ng4 13. Qe2 Nh6 14. g3
O-O 15. Rd7 b5 16. f4 Qe6 17. Rhd1 b4 18. Nb1 Qxa2 19. g4 Qe6 20. f5 Qe5 21.
Qf3 f6 22. h4 Nf7 23. Nd2 Rad8 24. Nc4 Qc5 25. b3 Ne5 26. Nxe5 Qxe5 27. R1d4
Rxd7 28. Rxd7 Re8 29. Qd3 Qxe4 30. Rxc7 Qe5 31. Qc4+ Kh8 32. Qf7 Qa1+ 33. Kd2
Qc3+ 0-1

[Event "79th UKR-ch"]
[Site "Alushta UKR"]
[Date "2010.05.11"]
[Round "9"]
[White "Shtembuliak, Evgeny"]
[WhiteElo "2007"]
[Black "Baranov, Yuriy"]
[BlackElo "2170"]
[Result "1/2-1/2"]
[EventDate "2010.05.02"]
[PlyCount "104"]

1. d4 d5 2. Nc3 Nf6 3. Bg5 c6 4. Bxf6 exf6 5. e3 Bd6 6. Bd3 Be6 7. Nge2 f5 8.
O-O Nd7 9. Ng3 g6 10. Nce2 Nf6 11. Rc1 b5 12. a4 a6 13. f3 h5 14. h4 Nd7 15.
Qe1 O-O 16. e4 fxe4 17. fxe4 Qxh4 18. e5 Nxe5 19. dxe5 Bxe5 20. Rf3 Bg4 21. Re3
Bxb2 22. Rb1 Bg7 23. axb5 axb5 24. Nf1 Qg5 25. c3 Ra2 26. Ra1 Rxa1 27. Qxa1 b4
28. Qa4 bxc3 29. Qxc6 d4 30. Re8 Be6 31. Rxf8+ Bxf8 32. Qf3 Bd6 33. Qa8+ Kh7
34. Qf3 h4 35. Qf2 Kg8 36. Nh2 Qd2 37. Qxd4 Qe1+ 38. Nf1 Bf8 39. Qxc3 Qd1 40.
Qc2 Qa1 41. Bxg6 h3 42. Bh7+ Kg7 43. Be4 Qa7+ 44. Kh1 hxg2+ 45. Kxg2 Qc5 46.
Qb2+ Kg8 47. Nfg3 Qg5 48. Qb8 Bd5 49. Qe8 Be6 50. Qa8 Bg4 51. Qa6 Bxe2 52. Qxe2
Bd6 1/2-1/2

[Event "79th UKR-ch"]
[Site "Alushta UKR"]
[Date "2010.05.11"]
[Round "9"]
[White "Tantsiura, Maria"]
[WhiteElo "2011"]
[Black "Varchenko, Hryhorii"]
[BlackElo "2141"]
[Result "0-1"]
[EventDate "2010.05.02"]
[PlyCount "94"]

1. e4 c5 2. Nf3 a6 3. d4 cxd4 4. Nxd4 Nf6 5. Nc3 e5 6. Nf3 Bb4 7. Bd2 d6 8. Bd3
Bg4 9. h3 Bh5 10. g4 Bg6 11. Qe2 Nbd7 12. g5 Bxc3 13. Bxc3 Nh5 14. Bd2 Nc5 15.
Nh4 O-O 16. Be3 Qa5+ 17. c3 Rac8 18. Qd1 Qc7 19. Nf5 d5 20. Bxc5 Qxc5 21. exd5
Rfd8 22. Ne3 Rxd5 23. Nxd5 Qxd5 24. Rh2 Qxd3 25. Qxd3 Bxd3 26. Rd1 Bb5 27. b3
Nf4 28. c4 Bc6 29. Rd6 Re8 30. Kd2 Kf8 31. Ke3 Ke7 32. Rd1 Ne6 33. h4 Nd4 34.
Rh3 Rd8 35. Rd2 Rd7 36. b4 Ke6 37. h5 f5 38. f4 Be4 39. Rhh2 b6 40. Rhf2 Rc7
41. fxe5 Nc6 42. Rd6+ Kxe5 43. Rfd2 Nxb4 44. Rxb6 Rxc4 45. Rb8 Nd5+ 46. Kf2 Kf4
47. Rb7 Nc7 0-1

[Event "79th UKR-ch"]
[Site "Alushta UKR"]
[Date "2010.05.11"]
[Round "9"]
[White "Zaichuk, Vitalii"]
[WhiteElo "2007"]
[Black "Rybakov, Serhii"]
[BlackElo "2034"]
[Result "0-1"]
[EventDate "2010.05.02"]
[PlyCount "102"]

1. Nf3 c5 2. g3 Nc6 3. Bg2 d5 4. c4 d4 5. O-O e5 6. d3 Nf6 7. a3 Bd6 8. b4 cxb4
9. axb4 Nxb4 10. Ba3 Nc6 11. c5 Bc7 12. Nbd2 Nd5 13. Ne4 O-O 14. Qb3 Rb8 15. e3
dxe3 16. Nd6 Be6 17. Qb2 exf2+ 18. Qxf2 b6 19. Nc4 b5 20. Ncd2 b4 21. Bb2 Nc3
22. Qe3 Bd5 23. Rfc1 Nd4 24. Bxc3 bxc3 25. Rxc3 Ba5 26. Rcc1 Bxf3 27. Nxf3 Nb3
28. Nxe5 Bd2 29. Qe4 Bxc1 30. Nc6 Qg5 31. Nxb8 Nxa1 32. Nd7 Be3+ 33. Kf1 Bxc5
34. Nxf8 Qc1+ 35. Ke2 Qc2+ 36. Kf3 Nb3 37. Qxh7+ Kxf8 38. Qh8+ Ke7 39. Qh4+ Ke8
40. Qe4+ Be7 41. Qa8+ Bd8 42. Qe4+ Kf8 43. Qb4+ Kg8 44. Qd6 Bc7 45. Qd5 Qd1+
46. Ke4 Qg4+ 47. Ke3 Bb6+ 48. d4 Qxd4+ 49. Qxd4 Nxd4 50. Kd3 Kf8 51. h4 Nf5 0-1

[Event "79th UKR-ch"]
[Site "Alushta UKR"]
[Date "2010.05.11"]
[Round "9"]
[White "Matiushyn, Oleh"]
[WhiteElo "2168"]
[Black "Petrova, Irina"]
[BlackElo "2013"]
[Result "1/2-1/2"]
[EventDate "2010.05.02"]
[PlyCount "43"]

1. d4 Nf6 2. c4 g6 3. Nc3 Bg7 4. e4 d6 5. Be2 O-O 6. Bg5 c5 7. d5 h6 8. Be3 a6
9. h3 e6 10. Qd2 exd5 11. exd5 Kh7 12. Nf3 Re8 13. O-O Nbd7 14. Rfe1 Nf8 15.
Bf4 Bf5 16. Bd3 Bxd3 17. Qxd3 Qd7 18. Rab1 Kh8 19. Qd2 g5 20. Bh2 Ng6 21. Rxe8+
Rxe8 22. Re1 $11 1/2-1/2

[Event "79th UKR-ch"]
[Site "Alushta UKR"]
[Date "2010.05.11"]
[Round "9"]
[White "Havrysh, Leonid"]
[WhiteElo "2205"]
[Black "Horoshkova, Lyudmyla"]
[BlackElo "1963"]
[Result "1-0"]
[EventDate "2010.05.02"]
[PlyCount "67"]

1. d4 d5 2. c4 e6 3. Nc3 Nf6 4. cxd5 exd5 5. Bg5 Be7 6. e3 O-O 7. Bd3 c6 8. Qc2
Nbd7 9. Nf3 Re8 10. O-O h6 11. Bf4 Nf8 12. Rab1 Be6 13. b4 Rc8 14. Na4 Bd6 15.
Bg3 Bxg3 16. hxg3 Qe7 17. Rfc1 Ng4 18. Nc5 Rc7 19. b5 cxb5 20. Bxb5 b6 21. Bxe8
Qxe8 22. Qa4 Qc8 23. Nd3 Bf5 24. Rxc7 Qxc7 25. Rc1 Qe7 26. Nde5 f6 27. Nc6 Qe8
28. Qxa7 Nd7 29. Qc7 Kh7 30. Nb4 Be4 31. Qd6 Nxe3 32. Rc7 Bxf3 33. Qxd7 Qg6 34.
fxe3 1-0

[Event "79th UKR-ch"]
[Site "Alushta UKR"]
[Date "2010.05.11"]
[Round "9"]
[White "Maslov, Valentin"]
[WhiteElo "2116"]
[Black "Chernoukhov, Oleksandr"]
[BlackElo "1837"]
[Result "1-0"]
[EventDate "2010.05.02"]
[PlyCount "77"]

1. e4 c5 2. Nf3 Nf6 3. e5 Nd5 4. d4 cxd4 5. Qxd4 e6 6. Bc4 Nc6 7. Qe4 Nb6 8.
Bb5 a6 9. Be2 d6 10. O-O dxe5 11. Nxe5 Nxe5 12. Qxe5 Nd7 13. Qg3 Qf6 14. Rd1
Bc5 15. Nc3 Qg6 16. Qxg6 hxg6 17. Ne4 b6 18. Bf3 Rb8 19. Nxc5 bxc5 20. Bc6 Rb6
21. Ba4 Ke7 22. b3 Rh5 23. Be3 Rd6 24. c4 Rxd1+ 25. Rxd1 Nb6 26. Bc6 Nd7 27. a4
Nb8 28. Bf3 Rf5 29. Bg4 Re5 30. Re1 g5 31. g3 Nd7 32. f4 gxf4 33. gxf4 Re4 34.
Bf3 f5 35. Bxe4 fxe4 36. Rd1 Bb7 37. Kf2 Bc6 38. a5 Kf6 39. Rd6 1-0